Statystyki dla Top 20 polscy zawodnicy pro Fortnite

Kliknij tutaj aby rozwiązać quiz!

Ogólne statystyki

  • Ten quiz został rozwiązany 2 460 razy
  • Średni wynik to 8 z 20

Statystyki odpowiedzi

HintOdpowiedź% Poprawnych
BLSetty
97%
GAMMAKami
96%
CentricKubx
85%
dMind, GXRTeeq
74%
DV1, OTW, BL, exeedartor
72%
Wave, PlaywellAdvise
58%
OTW, HereticsPacko
51%
dMind, CentricRakso
48%
AGOJarkos
35%
Monacopkr
34%
DV1luki
28%
VCTRYKefyy
23%
dMind3vil
20%
OnyxKrejz
20%
dMindCrusti
10%
Kinguin, DV1Hoopek
8%
OTW, EvenezyJ4chu
7%
Alsen, DV1smiley
7%
dMind, MercurySnoozlooz
6%
dMindRichart
4%

Rozkład punktacji

Percentyl według liczby udzielonych odpowiedzi

Procent ludzi z każdym wynikiem

Twoja historia wyników

Nie rozwiązałeś tego quizu